000 00328nam a2200133Ia 4500
008 200103s9999||||xx |||||||||||||| ||und||
040 _aIMU-MPC
082 _aColumn-44
100 _aSmith, A. Funge
245 0 _aIntroduction to marine engineering
260 _bEdward Arnold & Co., London
_c1946
300 _a158
942 _cBK
999 _c9061
_d9061